书目信息 |
| 题名: |
电气安装与维修技术
|
|
| 作者: | 庄汉清 主编 | |
| 分册: | ||
| 出版信息: | 北京 电子工业出版社 2016 |
|
| 页数: | 215页 | |
| 开本: | 26cm | |
| 丛书名: | 职业院校技能大赛备赛指导丛书 | |
| 单 册: | ||
| 中图分类: | TM05 , TM07 | |
| 科图分类: | ||
| 主题词: | 电气设备--教材--职业大学--设备安装 , 电气设备--教材--职业大学--维修 | |
| 电子资源: | ||
| ISBN: | 978-7-121-27533-3 | |
| 000 | 01004nam0 2200265 450 | |
| 001 | 587 | |
| 005 | 20160908110824.64 | |
| 010 | @a978-7-121-27533-3@dCNY35.00 | |
| 100 | @a20160304d2016 em y0chiy50 ea | |
| 101 | 0 | @achi |
| 102 | @aCN@b110000 | |
| 105 | @aa z 000yy | |
| 200 | 1 | @a电气安装与维修技术@9dian qi an zhuang yu wei xiu ji shu@f庄汉清主编 |
| 210 | @a北京@c电子工业出版社@d2016 | |
| 215 | @a215页@c图@d26cm | |
| 225 | 1 | @a职业院校技能大赛备赛指导丛书 |
| 300 | @a职业教育示范性规划教材 | |
| 330 | @a本书以浙江亚龙教育装备股份有限公司研发的YL-156A型电气安装与维修实训考核装置为载体,设置了配用电线路的敷设安装、照明线路的安装与调试、电动机控制线路的安装与调试、机床电气控制电路故障的排除、电气安装与维修综合实训共5个实训项目。 | |
| 606 | 0 | @a电气设备@j教材@x职业大学@x设备安装 |
| 606 | 0 | @a电气设备@j教材@x职业大学@x维修 |
| 690 | @aTM05@v5 | |
| 690 | @aTM07@v5 | |
| 701 | 0 | @a庄汉清@9zhuang han qing@4主编 |
| 801 | 0 | @aCN@b唐山师范学院图书馆@c20160723 |
| 905 | @aZUCC@dTM05@e13 | |
| 电气安装与维修技术/庄汉清主编.-北京:电子工业出版社,2016 |
| 215页:图;26cm.-(职业院校技能大赛备赛指导丛书) |
| 职业教育示范性规划教材 |
| ISBN 978-7-121-27533-3:CNY35.00 |
| 本书以浙江亚龙教育装备股份有限公司研发的YL-156A型电气安装与维修实训考核装置为载体,设置了配用电线路的敷设安装、照明线路的安装与调试、电动机控制线路的安装与调试、机床电气控制电路故障的排除、电气安装与维修综合实训共5个实训项目。 |
| ● |
| 相关链接 |
|
|
|
|
正题名:电气安装与维修技术
索取号:TM05/13
 
预约/预借
| 序号 | 登录号 | 条形码 | 馆藏地/架位号 | 状态 | 备注 |
| 1 | 902516 | 209025160 | 第二样本阅览室/ [索取号:TM05/13] | 在馆 | |
| 2 | 902517 | 209025179 | 第三借阅区/ [索取号:TM05/13] | 在馆 | |
| 3 | 902518 | 209025188 | 第三借阅区/ [索取号:TM05/13] | 在馆 | |
| 4 | 902519 | 209025197 | 第三借阅区/ [索取号:TM05/13] | 在馆 | |
| 5 | 902520 | 209025204 | 密集书库-物理学院/ [索取号:TM05/13] | 在馆 |